[Event "Stay Safe Play From Home 233"]
[Site "Emanuel Lasker Arena"]
[Date "2020.06.17"]
[Round "6"]
[White "Broken sword"]
[Black "Mepe_Nika"]
[Result "1/2-1/2"]
[WhiteElo "2452"]
[BlackElo "2344"]
[Annotator "TA"]
[PlyCount "124"]
[EventDate "2020.06.17"]
[EventType "swiss (blitz)"]

{[%evp 14,124,13,-26,77,-39,-32,-46,2,-4,56,4,22,-79,1,-35,-8,-84,-35,-68,-49,-110,-48,-49,-22,-72,0,3,14,-11,0,-47,-47,-34,-41,-48,-34,-27,-9,-96,-93,-172,-182,-180,-174,-177,-192,-256,-243,-242,-243,-493,-483,-517,-516,-477,-414,-377,-47,-50,-46,-56,-74,-178,-152,-167,-141,-143,-13,-13,-13,-21,-21,-227,-8,-8,0,0,0,0,0,0,8,8,8,8,8,8,8,0,0,0,0,0,8,8,8,8,8,0,0,0,0,0,0,0,0,0,0,0,0,0,0]} 1. e4 e5 2. Nf3 Nc6 3. Bb5 a6 4. Bxc6 dxc6 5. O-O Bd6 6. d4 exd4 7. Qxd4 f6 8. c4 Ne7 {C68: Ruy Lopez: Exchange Variation, sidelines.} (8... c5 $11 9. Qe3 Ne7) 9. b3 (9. c5 $1 $16 {[%cal Rc5d6]} Be5 10. Qxd8+ Kxd8 11. Nxe5 fxe5 12. f4) 9... c5 $15 10. Qe3 {[#]} Be6 $146 {Black is slightly better.} ({Predecessor:} 10... O-O 11. Ba3 b6 12. Nc3 Ng6 13. Rad1 Bb7 14. Nd5 Bxd5 15. Rxd5 Qe7 16. Bb2 Rfe8 {1-0 (71) Rowson,J (2499)-Turner,M (2487) Southend 2000}) 11. Bb2 Ng6 (11... O-O $11) 12. Nbd2 (12. e5 $1 $14 fxe5 13. Nxe5 Nxe5 14. Bxe5) 12... Qe7 13. Rad1 (13. e5 $11 fxe5 14. Nxe5) 13... O-O ({Better is} 13... Bf4 $17 14. Qe2 O-O-O) 14. Rfe1 Rad8 15. g3 (15. e5 $11 fxe5 16. Bxe5) 15... b6 16. Kg2 a5 17. h3 (17. Nb1 $15) 17... Qd7 (17... Bd7 $17) 18. Ng1 Qc6 19. f3 Be5 (19... f5 $17 20. exf5 Bxf5) 20. Bxe5 $11 Nxe5 21. Nf1 Qa8 22. Qe2 Nc6 $36 {[%mdl 2048] Black has good play.} 23. Rxd8 Rxd8 24. Rd1 Rxd1 25. Qxd1 Nd4 26. Qd2 (26. Ne3 $11) 26... a4 $1 $17 27. b4 (27. Qb2 $17) 27... Bxc4 $19 28. Ne3 Be6 29. bxc5 bxc5 30. Qc3 (30. Ne2 $142) 30... Qc6 ({Much less strong is} 30... Bxa2 31. Qxc5 Ne6 32. Qb5 $17) 31. a3 Qb5 32. Qd2 $2 (32. Kf2 {keeps fighting.}) 32... Qb3 33. Ne2 Nxe2 34. Qxe2 c4 35. Qd2 Qd3 $2 (35... Qxa3 $19 36. Qd8+ Kf7 37. Qxc7+ Kg6) 36. Qxd3 $15 cxd3 {[%mdl 4096] Endgame KB-KN} 37. Kf2 c5 38. Ke1 (38. h4 $17 {was called for.}) 38... Bxh3 $19 39. g4 h5 40. gxh5 Kh7 (40... Be6 $1 $17 41. Kd2 c4) 41. Kd2 $11 Kh6 42. Kxd3 Kxh5 43. Kc4 $2 (43. f4 $11 {and White stays safe.}) 43... Kg5 $2 (43... Kh4 $1 $19 {Threatens to win with ...Kg3.} 44. Kd3 {[#]} c4+ $1 {[%mdl 512]} 45. Kd4 c3 $1 {[%mdl 512]}) 44. Nd5 {The position is equal.} Bg2 45. f4+ Kg4 46. e5 $1 {[%cal Re5e6]} fxe5 47. fxe5 {Hoping for e6.} Kf5 48. Ne3+ {[%mdl 64] Double Attack} Kxe5 49. Nxg2 {Black should prevent Ne1.} Ke4 50. Kxc5 {KN-KPP} g5 51. Kb4 Kf3 52. Ne1+ Ke2 53. Nc2 {And now Nd4+ would win.} g4 (53... Kd3 $5 54. Ne1+ $8 Ke2 $11) 54. Nd4+ Ke3 55. Nf5+ Kf4 56. Nh4 g3 57. Kxa4 {KN-KP} Kg4 58. Ng2 Kf3 59. Nh4+ Kg4 60. Ng2 Kf3 61. Ne1+ Ke2 (61... Kf2 $5 62. Nd3+ $8 Ke2 63. Nf4+ Kf3 $11) 62. Ng2 {Strongly threatening Nh4.} Kf3 {Accuracy: White = 50%, Black = 58%.} 1/2-1/2

[Event "Stay Safe Play From Home 233"]
[Site "Emanuel Lasker Arena"]
[Date "2020.06.17"]
[Round "6"]
[White "Weltszmerc"]
[Black "Bardellosport"]
[Result "1-0"]
[WhiteElo "2152"]
[BlackElo "2064"]
[Annotator "TA"]
[PlyCount "77"]
[EventDate "2020.06.17"]
[EventType "swiss (blitz)"]

{[%evp 11,76,25,22,25,40,31,41,27,19,21,58,38,38,33,60,55,141,132,144,132,264,240,314,316,350,199,204,123,199,187,344,346,336,339,579,513,513,513,497,477,592,508,560,551,622,615,774,767,837,830,1311,1281,2961,2902,29989,29990,29990,29991,29992,29991,29991,29991,29997,29998,29998,29999,29999]} 1. d4 d5 2. c4 c6 3. Nf3 e6 4. g3 f5 5. Bg2 Nf6 6. O-O Bd6 7. Nc3 {A90: Dutch Defence: Miscellaneous and Modern Stonewall (with ...Bd6).} Qe7 8. Bg5 O-O 9. Ne5 {White is slightly better.} Nbd7 10. f4 {[#]} Kh8 $146 ({Predecessor:} 10... Qe8 11. Qb3 Ne4 12. Nxe4 fxe4 13. Qe3 h6 14. Bh4 Nxe5 15. dxe5 Bc7 16. a4 b5 17. axb5 cxb5 {0-1 (35) Figueredo Company,J (2128)-Cardoso Garcia,S (2223) ICCF email 2014}) 11. c5 Bc7 12. b4 {[%cal Bb2b4,Bb4b5][%mdl 32]} Rg8 13. a4 $36 {[%mdl 2048] White is pushing.} g6 (13... Qe8 $14) 14. b5 $16 h6 15. Bxh6 Ne4 (15... Nxe5 $16 16. fxe5 g5) 16. Nxe4 fxe4 17. Bg5 Qg7 18. Nxd7 (18. bxc6 $142 bxc6 19. Nxc6) 18... Bxd7 $18 19. e3 Bd8 (19... cxb5 $16 20. Qg4 bxa4) 20. Qg4 e5 $2 {[#]} (20... cxb5 21. axb5 Bxb5) 21. Qh4+ $1 Qh7 22. Bf6+ ({But not} 22. dxe5 $6 Qxh4 23. gxh4 Bxg5 $18) 22... Rg7 $2 (22... Bxf6 23. Qxf6+ {[%mdl 64] Double Attack} Qg7 24. fxe5 Rgf8) 23. Qxh7+ Kxh7 24. Bxg7 Kxg7 25. fxe5 Bf5 26. h3 Bg5 27. Ra3 cxb5 28. axb5 Rh8 29. g4 Bd7 {[#]} 30. c6 $1 bxc6 31. Rxa7 Rd8 32. bxc6 {[%mdl 64] Pin} Kh7 33. Rxd7+ {White mates.} Rxd7 34. cxd7 Kh6 35. Rf8 Bxe3+ 36. Kh1 Bxd4 37. d8=Q Bxe5 38. Qh4+ Kg7 39. Qh8# {White took control after the opening. Accuracy: White = 74%, Black = 16%.} 1-0

[Event "Stay Safe Play From Home 233"]
[Site "Emanuel Lasker Arena"]
[Date "2020.06.17"]
[Round "6"]
[White "Lazieri3"]
[Black "Fischer_11"]
[Result "1-0"]
[WhiteElo "2143"]
[BlackElo "2037"]
[Annotator "NA RC"]
[PlyCount "119"]
[EventDate "2020.06.17"]
[EventType "swiss (blitz)"]

1. e4 {[%emt 0:00:01]} Nf6 {[%emt 0:00:02]} 2. Nc3 {[%emt 0:00:00]} d5 {[%emt 0:00:01]} 3. exd5 {[%emt 0:00:01]} Nxd5 {[%emt 0:00:00]} 4. Nxd5 {[%emt 0:00:00]} Qxd5 {[%emt 0:00:01]} 5. Qf3 {[%emt 0:00:00]} Qc5 {[%emt 0:00:01]} 6. Qe3 {[%emt 0:00:03]} Qxc2 {[%emt 0:00:02]} 7. Bb5+ {[%emt 0:00:01]} Bd7 {[%emt 0:00:02]} 8. Bd3 {[%emt 0:00:00]} Qc6 {[%emt 0:00:02]} 9. Nf3 {[%emt 0:00:00]} f6 {[%emt 0:00:02]} 10. Be4 {[%emt 0:00:01]} Qb5 {[%emt 0:00:03]} 11. a4 {[%emt 0:00:02]} Qa6 {[%emt 0:00:02]} 12. b4 {[%emt 0:00:01]} c6 {[%emt 0:00:01]} 13. Bb2 {[%emt 0:00:03]} e5 {[%emt 0:00:01]} 14. Bd3 {[%emt 0:00:01]} Qb6 {[%emt 0:00:03]} 15. Qxb6 {[%emt 0:00:01]} axb6 {[%emt 0:00:00]} 16. Be4 {[%emt 0:00:02]} Bxb4 {[%emt 0:00:02]} 17. O-O {[%emt 0:00:01]} Be6 {[%emt 0:00:03]} 18. d4 {[%emt 0:00:01]} exd4 {[%emt 0:00:05]} 19. Nxd4 {[%emt 0:00:00]} Bd5 {[%emt 0:00:03]} 20. Bxd5 {[%emt 0:00:01]} cxd5 {[%emt 0:00:00]} 21. Ne6 {[%emt 0:00:01]} Kf7 {[%emt 0:00:02]} 22. Nc7 {[%emt 0:00:02]} Ra5 {[%emt 0:00:02]} 23. Bd4 {[%emt 0:00:02]} Bc5 {[%emt 0:00:01]} 24. Bc3 {[%emt 0:00:05]} Nc6 {[%emt 0:00:05]} 25. Bxa5 {[%emt 0:00:03]} Nxa5 {[%emt 0:00:00]} 26. Nxd5 {[%emt 0:00:01]} Rd8 {[%emt 0:00:02]} 27. Ne3 {[%emt 0:00:01]} Nb3 {[%emt 0:00:01]} 28. Rad1 {[%emt 0:00:02]} Re8 {[%emt 0:00:03]} 29. Nf5 {[%emt 0:00:01]} g6 {[%emt 0:00:02]} 30. Nd6+ {[%emt 0:00:01]} Bxd6 {[%emt 0:00:00]} 31. Rxd6 {[%emt 0:00:00]} Re6 {[%emt 0:00:00]} 32. Rd7+ {[%emt 0:00:01]} Re7 {[%emt 0:00:01]} 33. Rxe7+ {[%emt 0:00:01]} Kxe7 {[%emt 0:00:00]} 34. Rb1 {[%emt 0:00:01]} Nc5 {[%emt 0:00:00]} 35. Rxb6 {[%emt 0:00:01]} Nxa4 {[%emt 0:00:00]} 36. Rxb7+ {[%emt 0:00:00]} Ke6 {[%emt 0:00:00]} 37. Rxh7 {[%emt 0:00:00]} g5 {[%emt 0:00:00]} 38. h4 {[%emt 0:00:00]} Nc5 {[%emt 0:00:00]} 39. hxg5 {[%emt 0:00:01]} fxg5 {[%emt 0:00:00]} 40. Rh5 {[%emt 0:00:01]} Kf5 {[%emt 0:00:00]} 41. g4+ {[%emt 0:00:01]} Kg6 {[%emt 0:00:00]} 42. Rh8 {[%emt 0:00:01]} Ne4 {[%emt 0:00:00]} 43. Rb8 {[%emt 0:00:01]} Nf6 {[%emt 0:00:00]} 44. Rb6 {[%emt 0:00:00]} Kf7 {[%emt 0:00:01]} 45. Rxf6+ {[%emt 0:00:00]} Kxf6 {[%emt 0:00:01]} 46. Kg2 {[%emt 0:00:00]} Ke5 {[%emt 0:00:00]} 47. Kf3 {[%emt 0:00:00]} Kd5 {[%emt 0:00:01]} 48. Ke3 {[%emt 0:00:00]} Ke5 {[%emt 0:00:00]} 49. f3 {[%emt 0:00:00]} Kd5 {[%emt 0:00:00]} 50. f4 {[%emt 0:00:01]} gxf4+ {[%emt 0:00:01]} 51. Kxf4 {[%emt 0:00:00]} Ke6 {[%emt 0:00:00]} 52. Kg5 {[%emt 0:00:00]} Kf7 {[%emt 0:00:01]} 53. Kh6 {[%emt 0:00:00]} Kg8 {[%emt 0:00:00]} 54. Kg6 {[%emt 0:00:00]} Kh8 {[%emt 0:00:00]} 55. g5 {[%emt 0:00:00]} Kg8 {[%emt 0:00:00]} 56. Kf6 {[%emt 0:00:00]} Kf8 {[%emt 0:00:00]} 57. Kg6 {[%emt 0:00:01]} Kg8 {[%emt 0:00:00]} 58. Kh6 {[%emt 0:00:01]} Kh8 {[%emt 0:00:00]} 59. g6 {[%emt 0:00:00]} Kg8 {[%emt 0:00:00]} 60. Kg5 {[%emt 0:00:00] (Lag: Av=0.36s, max=0.8s)} 1-0

[Event "Stay Safe Play From Home 233"]
[Site "Emanuel Lasker Arena"]
[Date "2020.06.17"]
[Round "6"]
[White "Position"]
[Black "Haris kollari 13"]
[Result "1-0"]
[WhiteElo "2034"]
[BlackElo "1704"]
[Annotator "NA RC"]
[PlyCount "73"]
[EventDate "2020.06.17"]
[EventType "swiss (blitz)"]

1. e3 {[%emt 0:00:01]} e6 {[%emt 0:00:00]} 2. d4 {[%emt 0:00:00]} d5 {[%emt 0:00:00]} 3. Nf3 {[%emt 0:00:00]} c5 {[%emt 0:00:00]} 4. Bd3 {[%emt 0:00:00]} Nc6 {[%emt 0:00:01]} 5. b3 {[%emt 0:00:01]} c4 {[%emt 0:00:00]} 6. bxc4 {[%emt 0:00:01]} dxc4 {[%emt 0:00:00]} 7. Bxc4 {[%emt 0:00:00]} f5 {[%emt 0:00:01]} 8. O-O {[%emt 0:00:01]} Nf6 {[%emt 0:00:01]} 9. Bb2 {[%emt 0:00:00]} Bd6 {[%emt 0:00:02]} 10. Qe2 {[%emt 0:00:01]} O-O {[%emt 0:00:01]} 11. h3 {[%emt 0:00:01]} a6 {[%emt 0:00:01]} 12. Rd1 {[%emt 0:00:01]} Na5 {[%emt 0:00:03]} 13. Bb3 {[%emt 0:00:01]} Bb8 {[%emt 0:00:01]} 14. Nbd2 {[%emt 0:00:03]} Qc7 {[%emt 0:00:01]} 15. Nf1 {[%emt 0:00:01]} Nc6 {[%emt 0:00:01]} 16. c4 {[%emt 0:00:01]} h6 {[%emt 0:00:01]} 17. d5 {[%emt 0:00:01]} exd5 {[%emt 0:00:02]} 18. cxd5 {[%emt 0:00:01]} Na5 {[%emt 0:00:03]} 19. d6+ {[%emt 0:00:02]} Nxb3 {[%emt 0:00:05]} 20. dxc7 {[%emt 0:00:01]} Nxa1 {[%emt 0:00:01]} 21. cxb8=Q {[%emt 0:00:02]} Rxb8 {[%emt 0:00:01]} 22. Bxa1 {[%emt 0:00:01]} Ne4 {[%emt 0:00:01]} 23. Qc4+ {[%emt 0:00:02]} Kh7 {[%emt 0:00:01]} 24. Be5 {[%emt 0:00:01]} Ra8 {[%emt 0:00:02]} 25. Nd4 {[%emt 0:00:04]} Re8 {[%emt 0:00:02]} 26. Bf4 {[%emt 0:00:02]} b5 {[%emt 0:00:01]} 27. Qc6 {[%emt 0:00:02]} Nf6 {[%emt 0:00:11]} 28. Qxa8 {[%emt 0:00:02]} g5 {[%emt 0:00:01]} 29. Bh2 {[%emt 0:00:03]} g4 {[%emt 0:00:02]} 30. Qc6 {[%emt 0:00:02]} gxh3 {[%emt 0:00:02]} 31. Qxf6 {[%emt 0:00:01]} hxg2 {[%emt 0:00:02]} 32. Ng3 {[%emt 0:00:01]} Rg8 {[%emt 0:00:01]} 33. Ndxf5 {[%emt 0:00:02]} Rg6 {[%emt 0:00:02]} 34. Qf7+ {[%emt 0:00:02]} Kh8 {[%emt 0:00:02]} 35. Qxg6 {[%emt 0:00:01]} Bxf5 {[%emt 0:00:00]} 36. Nxf5 {[%emt 0:00:01]} h5 {[%emt 0:00:00]} 37. Qg7# {[%emt 0:00:00] (Lag: Av=0.76s, max=1.0s)} 1-0

[Event "Stay Safe Play From Home 233"]
[Site "Emanuel Lasker Arena"]
[Date "2020.06.17"]
[Round "6"]
[White "Tartak"]
[Black "Trotsky"]
[Result "0-1"]
[WhiteElo "1789"]
[BlackElo "1445"]
[Annotator "NA RC"]
[PlyCount "60"]
[EventDate "2020.06.17"]
[EventType "swiss (blitz)"]

1. e4 {[%emt 0:00:02]} c5 {[%emt 0:00:01]} 2. Nf3 {[%emt 0:00:01]} e6 {[%emt 0:00:00]} 3. d4 {[%emt 0:00:02]} d5 {[%emt 0:00:01]} 4. exd5 {[%emt 0:00:02]} exd5 {[%emt 0:00:01]} 5. c3 {[%emt 0:00:00]} c4 {[%emt 0:00:01]} 6. Be3 {[%emt 0:00:01]} Be6 {[%emt 0:00:01]} 7. Nbd2 {[%emt 0:00:01]} Nc6 {[%emt 0:00:00]} 8. Be2 {[%emt 0:00:01]} Qc7 {[%emt 0:00:00]} 9. O-O {[%emt 0:00:01]} Bd6 {[%emt 0:00:01]} 10. b4 {[%emt 0:00:01]} Nf6 {[%emt 0:00:01]} 11. b5 {[%emt 0:00:01]} Ng4 {[%emt 0:00:02]} 12. bxc6 {[%emt 0:00:03]} bxc6 {[%emt 0:00:01]} 13. g3 {[%emt 0:00:02]} h5 {[%emt 0:00:01]} 14. Ne5 {[%emt 0:00:03]} h4 {[%emt 0:00:01]} 15. Bxg4 {[%emt 0:00:01]} Bxe5 {[%emt 0:00:01]} 16. Bxe6 {[%emt 0:00:02]} hxg3 {[%emt 0:00:03]} 17. Bxf7+ {[%emt 0:00:01]} Kd8 {[%emt 0:00:02]} 18. Qg4 {[%emt 0:00:04]} gxf2+ {[%emt 0:00:04]} 19. Rxf2 {[%emt 0:00:02]} Bxh2+ {[%emt 0:00:01]} 20. Kf1 {[%emt 0:00:03]} Bd6 {[%emt 0:00:02]} 21. Bg5+ {[%emt 0:00:01]} Be7 {[%emt 0:00:02]} 22. Bxe7+ {[%emt 0:00:02]} Qxe7 {[%emt 0:00:01]} 23. Bh5 {[%emt 0:00:10]} Rf8 {[%emt 0:00:02]} 24. Nf3 {[%emt 0:00:01]} Kc7 {[%emt 0:00:02]} 25. Qg3+ {[%emt 0:00:02]} Kb7 {[%emt 0:00:01]} 26. Re1 {[%emt 0:00:01]} Qa3 {[%emt 0:00:01]} 27. Ne5 {[%emt 0:00:02]} Qxc3 {[%emt 0:00:01]} 28. Qxg7+ {[%emt 0:00:03]} Ka6 {[%emt 0:00:03]} 29. Rxf8 {[%emt 0:00:02]} Rxf8+ {[%emt 0:00:06]} 30. Qxf8 {[%emt 0:00:01]} Qxd4 {[%emt 0:00:01] Time (Lag: Av=0.64s, max=1.1s)} 0-1

[Event "Stay Safe Play From Home 233"]
[Site "Emanuel Lasker Arena"]
[Date "2020.06.17"]
[Round "7"]
[White "Mepe_Nika"]
[Black "Tartak"]
[Result "1-0"]
[WhiteElo "2350"]
[BlackElo "1759"]
[Annotator "TA"]
[PlyCount "61"]
[EventDate "2020.06.17"]
[EventType "swiss (blitz)"]

{[%evp 9,60,35,47,37,65,66,90,94,146,145,156,140,204,180,275,269,356,381,366,349,356,191,209,159,263,191,213,211,177,144,659,633,1182,1170,1507,1471,2663,2258,29987,29988,29988,29989,29989,29986,29994,29995,29995,29996,29996,29997,29998,29999,29999]} 1. d4 e6 2. Bf4 d6 3. e3 Nc6 4. c4 {[#]} Nf6 $146 ({Predecessor:} 4... Bd7 5. Nf3 Nf6 6. h3 Be7 7. Bd3 Nh5 8. Bh2 O-O 9. O-O Nf6 10. Nc3 Re8 {1-0 (51) Memmesheimer,T (1777)-Reiter,U (1115) Troisdorf 2014}) 5. Nc3 h6 6. h3 {A40: Unusual replies to 1 d4.} Be7 7. Nf3 g5 8. Bh2 {White is better.} g4 ({Better is} 8... Bf8) 9. hxg4 $16 Nxg4 10. Bg3 e5 (10... h5 $16 {was necessary.} 11. Be2 h4) 11. Be2 e4 (11... exd4 $142 12. Nxd4 Nf6) 12. Nd2 f5 13. Bxg4 fxg4 14. Ndxe4 Bf5 15. Qb3 (15. d5 $142) 15... Qd7 $18 16. O-O-O O-O-O (16... Na5 $16 17. Qb5 Qxb5 18. cxb5 h5) 17. Rh5 Bg6 18. Rb5 b6 19. c5 dxc5 $2 {[%mdl 8192]} ({Don't blunder} 19... a6 $2 {[#]} 20. Nxd6+ $1 {[%mdl 512]} Bxd6 21. cxd6 $18) (19... Bxe4 $16 20. Nxe4 dxc5) 20. dxc5 Qf5 21. cxb6 Rxd1+ 22. Qxd1 Qxb5 23. Nxb5 axb6 24. Qxg4+ {[%mdl 64] [#] Double Attack. White mates.} Kb7 25. Qxg6 Rd8 26. Qf7 Bg5 27. Qxc7+ Ka6 28. Qxc6 Bxe3+ 29. fxe3 Rc8 30. Nc5+ Ka5 31. Be1# {White took control after the opening. Accuracy: White = 69%, Black = 23%.} 1-0

[Event "Stay Safe Play From Home 233"]
[Site "Emanuel Lasker Arena"]
[Date "2020.06.17"]
[Round "7"]
[White "SoulofWolf"]
[Black "Lazieri3"]
[Result "0-1"]
[WhiteElo "2144"]
[BlackElo "2155"]
[Annotator "TA"]
[PlyCount "54"]
[EventDate "2020.06.17"]
[EventType "swiss (blitz)"]

{[%evp 9,54,-8,12,-41,-15,-79,-52,-72,-74,-82,-22,-17,34,39,30,30,42,34,44,53,73,13,7,7,0,0,50,32,42,34,176,-1048,-1032,-1514,-1510,-1491,-1487,-1508,-1493,-2316,-2282,-1978,-2076,-2082,-1984,-1948,-1933]} 1. d4 c6 2. Nf3 d5 3. a4 Nf6 4. a5 {[#]} a6 $146 ({Predecessor:} 4... Bf5 5. Bf4 e6 6. c3 Bd6 7. Bxd6 Qxd6 8. Qb3 Qc7 9. Qa3 Qe7 10. Nbd2 Nbd7 {1-0 (38) Gutman,L (2465)-Mietner,W (2160) Moehnesee 2005}) 5. Bg5 Bg4 6. Nc3 {D02: 1 d4 d5 2 Nf3 sidelines, including 2...Nf6 3 g3 and 2...Nf6 3 Bf4.} (6. c4 $11) 6... e6 7. Qd3 (7. Ne5 $11 Bh5 8. Qd2) 7... Be7 8. h3 {Black is slightly better.} Bf5 9. Qd2 Ne4 (9... Bb4 $17) 10. Nxe4 dxe4 (10... Bxe4 $11 11. Bxe7 Qxe7) 11. Bxe7 $14 Qxe7 12. Ne5 Nd7 13. Nc4 O-O 14. e3 c5 15. c3 (15. dxc5 $16 Nxc5 16. Qd6 Qxd6 17. Nxd6) 15... cxd4 $11 16. cxd4 Rac8 17. Be2 Nf6 18. O-O Nd5 19. Rfc1 Qb4 (19... Rcd8 $14) 20. Nb6 $4 {[%mdl 8192] [#]} (20. Qxb4 $18 Nxb4 21. Nd6) 20... Qxd2 $19 {Black is clearly winning.} 21. Re1 Nxb6 22. axb6 Qxb2 23. Rab1 Qc2 24. Rbc1 Qxc1 25. Rxc1 Rxc1+ 26. Kh2 Rb1 27. g4 Rb2 {Accuracy: White = 55%, Black = 45%.} 0-1

[Event "Stay Safe Play From Home 233"]
[Site "Emanuel Lasker Arena"]
[Date "2020.06.17"]
[Round "7"]
[White "Position"]
[Black "Weltszmerc"]
[Result "1-0"]
[WhiteElo "2039"]
[BlackElo "2165"]
[Annotator "TA"]
[PlyCount "67"]
[EventDate "2020.06.17"]
[EventType "swiss (blitz)"]

{[%evp 9,67,40,58,35,47,0,0,0,0,0,10,-28,-22,-14,-16,-98,-120,-154,-64,-111,-117,-115,-125,-144,-104,-139,-133,-139,-81,-83,-94,-71,-67,-74,-40,-92,-17,-25,-27,-34,14,-12,-8,0,51,0,0,-104,-102,-140,-119,-162,-159,-202,-175,-187,-121,-218,58,58]} 1. e4 Nf6 2. e5 Nd5 3. d4 Nb6 4. Nf3 d6 5. exd6 cxd6 6. h3 {B04: Alekhine's Defence: 4 Nf3.} g6 7. Bd3 Bg7 8. O-O {The position is equal.} O-O 9. Re1 Nc6 {[#]} 10. Be3 $146 ({Predecessor:} 10. c3 e5 11. Bg5 Qc7 12. Na3 a6 13. Bf1 h6 14. Be3 e4 15. Nd2 d5 16. f3 exf3 17. Nxf3 {0-1 (48) Manish,A (2272)-Varga,Z (2437) Balatonlelle 2019}) 10... e5 11. dxe5 dxe5 12. Bxb6 (12. Bc5 $11) 12... Qxb6 $17 ({Much weaker is} 12... axb6 $6 13. Nc3 $11) 13. Nc3 h6 (13... Qxb2 $17 14. Ne4 Qa3) 14. Rb1 f5 15. Bc4+ Kh7 16. Nd5 Qd8 17. Bb3 e4 18. Nh2 Nd4 (18... b5 $142 19. c3 Na5) 19. c3 Nxb3 20. Qxb3 Be6 21. Rbd1 Rb8 22. c4 (22. Qa3 $15) 22... Bxd5 (22... Qa5 $17 {White must now prevent ...b5.} 23. Re2 b5) 23. Rxd5 $11 Qe7 24. Red1 Rfd8 25. Nf1 b6 26. Ne3 Qf6 (26... f4 $11 27. Rxd8 Rxd8 28. Rxd8 Qxd8) 27. Rxd8 (27. Rd7 $14) 27... Rxd8 28. Nd5 (28. Rxd8 $11 {remains equal.} Qxd8 29. Nd5) 28... Qxb2 $17 29. Qg3 Qe5 ({Reject} 29... Qxa2 $6 {[#]} 30. Nf6+ $1 {[%mdl 512]} Bxf6 31. Qc7+ Kh8 32. Rxd8+ Bxd8 33. Qxd8+ Kh7 34. Qd7+ Kg8 35. Qe8+ Kh7 36. Qe7+ Kh8 37. Qd8+ Kh7 38. Qe7+ Kh8 39. Qe5+ Kg8 40. Qe8+ Kh7 41. Qe7+ $11) 30. f4 exf3 31. Qxf3 Rd6 32. Kh1 g5 (32... Rc6 $19 33. Qd3 Bf8) 33. Qf2 (33. g3 $17 {might work better.}) 33... Kg6 $2 {[#]} (33... Re6 $19 {Threatens to win with ...Kg6.} 34. Qc2 Kg6) 34. Re1 {Accuracy: White = 38%, Black = 54%.} 1-0

[Event "Stay Safe Play From Home 233"]
[Site "Emanuel Lasker Arena"]
[Date "2020.06.17"]
[Round "7"]
[White "Haris kollari 13"]
[Black "Fischer_11"]
[Result "0-1"]
[WhiteElo "1699"]
[BlackElo "2025"]
[Annotator "NA RC"]
[PlyCount "74"]
[EventDate "2020.06.17"]
[EventType "swiss (blitz)"]

1. e4 {[%emt 0:00:01]} Nf6 {[%emt 0:00:02]} 2. e5 {[%emt 0:00:01]} Nd5 {[%emt 0:00:01]} 3. c4 {[%emt 0:00:00]} Nb6 {[%emt 0:00:01]} 4. d4 {[%emt 0:00:00]} d6 {[%emt 0:00:00]} 5. f4 {[%emt 0:00:00]} dxe5 {[%emt 0:00:01]} 6. fxe5 {[%emt 0:00:00]} Nc6 {[%emt 0:00:00]} 7. Nf3 {[%emt 0:00:01]} Bg4 {[%emt 0:00:00]} 8. Be3 {[%emt 0:00:03]} e6 {[%emt 0:00:01]} 9. Be2 {[%emt 0:00:01]} Bxf3 {[%emt 0:00:00]} 10. Bxf3 {[%emt 0:00:01]} Nxc4 {[%emt 0:00:00]} 11. Bf2 {[%emt 0:00:02]} Bb4+ {[%emt 0:00:04]} 12. Nc3 {[%emt 0:00:02]} O-O {[%emt 0:00:00]} 13. O-O {[%emt 0:00:02]} Nxb2 {[%emt 0:00:01]} 14. Qb3 {[%emt 0:00:01]} Nd3 {[%emt 0:00:02]} 15. Bxc6 {[%emt 0:00:03]} Nxf2 {[%emt 0:00:02]} 16. Qxb4 {[%emt 0:00:02]} Nd3 {[%emt 0:00:05]} 17. Qc4 {[%emt 0:00:01]} Nb2 {[%emt 0:00:03]} 18. Qb3 {[%emt 0:00:01]} Qxd4+ {[%emt 0:00:01]} 19. Kh1 {[%emt 0:00:03]} bxc6 {[%emt 0:00:02]} 20. Qxb2 {[%emt 0:00:01]} Qxe5 {[%emt 0:00:00]} 21. Rae1 {[%emt 0:00:03]} Qd4 {[%emt 0:00:02]} 22. Qc2 {[%emt 0:00:01]} Rab8 {[%emt 0:00:01]} 23. Re4 {[%emt 0:00:01]} Qd6 {[%emt 0:00:02]} 24. Rd1 {[%emt 0:00:01]} Qe7 {[%emt 0:00:01]} 25. h3 {[%emt 0:00:01]} Rfd8 {[%emt 0:00:01]} 26. Red4 {[%emt 0:00:01]} Rd6 {[%emt 0:00:02]} 27. Ne4 {[%emt 0:00:02]} Rd5 {[%emt 0:00:01]} 28. Nc3 {[%emt 0:00:03]} Rd6 {[%emt 0:00:01]} 29. Ne4 {[%emt 0:00:01]} Rdd8 {[%emt 0:00:02]} 30. Qxc6 {[%emt 0:00:02]} Rxd4 {[%emt 0:00:01]} 31. Rxd4 {[%emt 0:00:01]} h6 {[%emt 0:00:00]} 32. Qd7 {[%emt 0:00:04]} Qh4 {[%emt 0:00:04]} 33. Qxc7 {[%emt 0:00:03]} Rb1+ {[%emt 0:00:02]} 34. Kh2 {[%emt 0:00:00]} Qe1 {[%emt 0:00:01]} 35. Rd8+ {[%emt 0:00:06]} Kh7 {[%emt 0:00:01]} 36. Qxf7 {[%emt 0:00:01]} Qh1+ {[%emt 0:00:03]} 37. Kg3 {[%emt 0:00:01]} Qxg2+ {[%emt 0:00:00] Time (Lag: Av=0.32s, max=0.6s)} 0-1

[Event "Stay Safe Play From Home 233"]
[Site "Emanuel Lasker Arena"]
[Date "2020.06.17"]
[Round "7"]
[White "Trotsky"]
[Black "Broken sword"]
[Result "0-1"]
[WhiteElo "1475"]
[BlackElo "2447"]
[Annotator "TA"]
[PlyCount "48"]
[EventDate "2020.06.17"]
[EventType "swiss (blitz)"]

{[%evp 9,47,12,18,-20,-11,-23,-27,-219,-198,-219,-227,-216,-204,-237,-229,-226,-204,-254,-251,-315,-305,-411,-408,-763,-752,-881,-759,-976,-962,-960,-950,-1236,-1218,-1365,-1361,-29988,-29984,-29998,-29987,-29999]} 1. d4 d5 2. e3 c6 3. c4 Nf6 4. Nc3 e6 5. Bd3 Nbd7 6. c5 {D31: Queen's Gambit Declined: Semi-Slav without ...Nf6 (+ Marshall Gambit and Noteboom) and Exchange Variation lines without ...Nf6.} e5 {[#]} 7. Qc2 $146 ({Predecessor:} 7. f3 Be7 8. Nge2 O-O 9. O-O a5 10. Qc2 b6 11. Na4 bxc5 12. dxc5 Re8 13. Rd1 Qc7 {0-1 (40) Gallo,G (1597)-Koloditsova,R (1923) Levice 2019}) 7... e4 8. Nxe4 $2 {[#]} (8. Be2 $11 {and White is okay.}) 8... dxe4 $19 9. Bxe4 Nxe4 10. Qxe4+ Qe7 11. Qd3 g6 12. Nf3 Bg7 13. Bd2 O-O 14. h4 Rd8 15. O-O-O {[#]} Nxc5 $1 {[%mdl 576] Pin} 16. Qc3 (16. Qa3 $142 Bf5 17. Qxc5) (16. dxc5 Rxd3) 16... Ne4 {[%mdl 64] Double Attack} 17. Qc2 Nxf2 {[%mdl 64] Double Attack} 18. Rdf1 Nxh1 19. Rxh1 Bf5 20. Qb3 c5 21. Ng5 cxd4 22. exd4 Rxd4 {Black mates.} 23. Bc3 Rc8 {[%cal Re7e3]} 24. h5 Qxg5# {White got outplayed after the opening. Accuracy: White = 11%, Black = 100%.} 0-1